logo

Bir Sreshtho Munshi Abdur Rouf Library
Jhenaidah Cadet College

মাইক্রোসফট উইন্ডোজ ৮ ও ৭ উইন্ডোজ লাইভসহ / (Record no. 12127)

MARC details
000 -LEADER
fixed length control field 00842nam a2200229 a 4500
001 - CONTROL NUMBER
JCCL Control Number 12127
003 - CONTROL NUMBER IDENTIFIER
JCCL marc code BD-JhCC
005 - DATE AND TIME OF LATEST TRANSACTION
control field 20210318085334.0
008 - FIXED-LENGTH DATA ELEMENTS--GENERAL INFORMATION
fixed length control field 210318s 2012bg |||| |||| 000 0 ben d
020 ## - INTERNATIONAL STANDARD BOOK NUMBER
International Standard Book Number 9789848933916
035 ## - SYSTEM CONTROL NUMBER
system control number (BD-JhCC)12127
040 ## - CATALOGING SOURCE
Original cataloging agency BD-JhCC
Modifying agency BD-JhCC
041 ## - LANGUAGE CODE
Language code of Book ben
082 ## - DEWEY DECIMAL CLASSIFICATION NUMBER
Classification number 005.432
Author mark and Year ASH 2012
100 ## - MAIN ENTRY--PERSONAL NAME
Personal name আশরাফ, বাপ্পি
245 ## - TITLE STATEMENT
Title মাইক্রোসফট উইন্ডোজ ৮ ও ৭ উইন্ডোজ লাইভসহ /
Statement of responsibility, etc বাপ্পি আশরাফ
260 ## - PUBLICATION, DISTRIBUTION, ETC. (IMPRINT)
Place of publication, distribution, etc ঢাকা :
Name of publisher, distributor, etc জ্ঞানকোষ প্রকাশনী,
Date of publication, distribution, etc ২০১২
300 ## - PHYSICAL DESCRIPTION
Pagination ৪৫৪ পৃ. :
Other physical details চিত্রাবলী ;
Dimensions ২৪ সেমি.
650 ## - SUBJECT ADDED ENTRY--TOPICAL TERM
Topical term or geographic name as entry element Microsoft Windows (Computer file)
650 ## - SUBJECT ADDED ENTRY--TOPICAL TERM
Topical term or geographic name as entry element Operating systems (Computers)
942 ## - ADDED ENTRY ELEMENTS (KOHA)
Source of classification or shelving scheme Dewey Decimal Classification
Koha item type Books
Holdings
Source of classification or shelving scheme Damaged status Not for loan Home library Current library Shelving location Date of accession Cost, normal purchase price Total Checkouts Full call number Barcode Date last seen Copy number Koha item type
Dewey Decimal Classification     JCC Rouf Library JCC Rouf Library General Stacks 03/18/2021 262.00   005.432 ASH 2012 16405 03/18/2021 C-1 Books

JCC Library | Contacts | JCC Home

Last Update on 23 September 2017
Copyright @ 2017-2020 JCC Rouf Library
Rouf Library, Jhenidah Cadet College (JCC), Bangladesh